| 000 | 00473nam a2200145Ia 4500 | ||
|---|---|---|---|
| 003 | OSt | ||
| 005 | 20260129105225.0 | ||
| 008 | 211028s2018 xx 000 0 und d | ||
| 040 | _cAIMIT LIBRARY | ||
| 041 | _aeng | ||
| 100 |
_aJoy, Jithin K; Suresh, Rajani. _g1616071 _97827 |
||
| 245 | _aStudy on store atmospherics and customer purchasing behavior with special reference to Puma sports India pvt ltd / | ||
| 260 |
_aMangalore _bTeresa Nazareth. _c2018 |
||
| 942 |
_2ddc _cPRO |
||
| 999 |
_c219395 _d219395 |
||